[Event "Rome Nobile Memorial 3rd"]
[Site "Rome"]
[Date "2010.02.11"]
[Round "6"]
[White "Muru, Massimo"]
[Black "Sacco, Davide"]
[Result "0-1"]
[WhiteElo "1374"]
[BlackElo "1467"]
[PlyCount "78"]
[EventDate "2010.01.14"]
[EventType "swiss"]
[EventRounds "6"]
[EventCountry "ITA"]
[SourceTitle "EXT 2024"]
[Source "ChessBase"]
[SourceDate "2023.10.10"]
[SourceVersion "1"]
[SourceVersionDate "2023.10.10"]
[SourceQuality "1"]

1. e4 c5 2. d4 cxd4 3. c3 e6 4. cxd4 d5 5. e5 Qb6 6. Nf3 Nc6 7. Bd3 Bb4+ 8. Nc3 Nge7 9. 0-0 Bxc3 10. bxc3 0-0 11. Rb1 Qc7 12. Qc2 h6 13. Ba3 b6 14. Rfc1 Bb7 15. Bd6 Qd7 16. Bb5 Rfc8 17. Qe2 a6 18. Bd3 b5 19. Qd1 Na5 20. Nd2 Nc4 21. Nxc4 dxc4 22. Be2 Nd5 23. Bf3 f6 24. Qc2 f5 25. Bxd5 Bxd5 26. Ra1 Qf7 27. f3 Qg6 28. a4 Bxf3 29. Qf2 Bc6 30. axb5 axb5 31. Rab1 Ra4 32. Qd2 Rca8 33. d5 exd5 34. Rxb5 d4 35. Rb8+ Rxb8 36. Bxb8 d3 37. g3 Qe6 38. h4 Qd5 39. Qh2 Ra2 0-1

[Event "Rome Nobile Memorial 3rd"]
[Site "Rome"]
[Date "2010.02.10"]
[Round "5"]
[White "Vanzan, Alessandro"]
[Black "Muru, Massimo"]
[Result "1-0"]
[WhiteElo "1777"]
[BlackElo "1374"]
[PlyCount "103"]
[EventDate "2010.01.14"]
[EventType "swiss"]
[EventRounds "6"]
[EventCountry "ITA"]
[SourceTitle "EXT 2024"]
[Source "ChessBase"]
[SourceDate "2023.10.10"]
[SourceVersion "1"]
[SourceVersionDate "2023.10.10"]
[SourceQuality "1"]

1. c4 c6 2. Nf3 d5 3. cxd5 cxd5 4. d4 Nf6 5. Nc3 e6 6. a3 Be7 7. g3 0-0 8. Bg2 Nc6 9. 0-0 h6 10. Bd2 Qb6 11. Na4 Qd8 12. Rc1 Bd7 13. Nc5 b6 14. Nxd7 Qxd7 15. Rc2 Rac8 16. Bf4 Bd6 17. Ne5 Bxe5 18. dxe5 Nh7 19. Be4 Ne7 20. Rd2 Qc6 21. Bb1 Ng6 22. Rc2 Qd7 23. Rxc8 Rxc8 24. Qd3 Nhf8 25. e3 Qc6 26. Re1 Nd7 27. Qd4 Ndf8 28. h4 Qb5 29. Bd3 Qc5 30. h5 Qxd4 31. exd4 Nxf4 32. gxf4 Nd7 33. f5 Kf8 34. Kg2 Ke7 35. Re3 Rg8 36. Rg3 f6 37. fxe6 Kxe6 38. Bh7 Rc8 39. Rxg7 fxe5 40. Rg6+ Kf7 41. Rd6 Nf6 42. Bg6+ Ke7 43. dxe5 Rc2 44. Bxc2 Nxh5 45. Rxh6 Nf4+ 46. Kf3 Ne6 47. Ke3 a5 48. f4 Ng7 49. Rh7 Kf7 50. f5 Kg8 51. f6 Ne6 52. Rd7 1-0

[Event "Rome Nobile Memorial 3rd"]
[Site "Rome"]
[Date "2010.01.28"]
[Round "3"]
[White "Maurizio, Antonio"]
[Black "Muru, Massimo"]
[Result "1-0"]
[WhiteElo "1449"]
[BlackElo "1374"]
[PlyCount "77"]
[EventDate "2010.01.14"]
[EventType "swiss"]
[EventRounds "6"]
[EventCountry "ITA"]
[SourceTitle "EXT 2024"]
[Source "ChessBase"]
[SourceDate "2023.10.10"]
[SourceVersion "1"]
[SourceVersionDate "2023.10.10"]
[SourceQuality "1"]

1. c4 c5 2. Nf3 Nc6 3. d4 cxd4 4. Nxd4 e6 5. e3 Nf6 6. a3 g6 7. Nc3 Bg7 8. Ndb5 0-0 9. Nd6 a6 10. c5 Qc7 11. Na4 Ne8 12. Nb6 Rb8 13. Ndxc8 Rxc8 14. Nxc8 Qxc8 15. Be2 Nc7 16. 0-0 Nd5 17. Qc2 Nce7 18. e4 Nf6 19. Be3 Nc6 20. Rfd1 Ne5 21. h3 Qc6 22. f4 Nxe4 23. fxe5 Bxe5 24. Bf3 f5 25. Rf1 d5 26. Bxe4 dxe4 27. Qd2 Qc7 28. Rad1 f4 29. Bd4 e3 30. Bxe5 Qxe5 31. Qd4 Qg5 32. Qe4 e5 33. Rd7 Rb8 34. Qd5+ Kh8 35. Qf7 Qh6 36. Qf6+ Kg8 37. Qe6+ Kh8 38. Qxe5+ Kg8 39. Qxb8+ 1-0

[Event "Rome Nobile Memorial 3rd"]
[Site "Rome"]
[Date "2010.01.20"]
[Round "2"]
[White "Muru, Massimo"]
[Black "Condemi de Felice, Alfonso"]
[Result "1-0"]
[WhiteElo "1374"]
[BlackElo "1916"]
[PlyCount "70"]
[EventDate "2010.01.14"]
[EventType "swiss"]
[EventRounds "6"]
[EventCountry "ITA"]
[SourceTitle "EXT 2024"]
[Source "ChessBase"]
[SourceDate "2023.10.10"]
[SourceVersion "1"]
[SourceVersionDate "2023.10.10"]
[SourceQuality "1"]

1. e4 g6 2. d4 Bg7 3. Nc3 Nc6 4. Nf3 d6 5. Be3 Nf6 6. h3 a6 7. Qd2 b5 8. a3 Bb7 9. Bh6 0-0 10. Bxg7 Kxg7 11. g4 e5 12. d5 Ne7 13. 0-0-0 Qc8 14. Bd3 c5 15. dxc6 Bxc6 16. Rdg1 Qb7 17. Qe3 b4 18. axb4 Qxb4 19. h4 Rab8 20. h5 Qxb2+ 21. Kd2 Kh8 22. hxg6 fxg6 23. Qh6 Qb6 24. Ke2 d5 25. Nxe5 dxe4 26. Nxe4 Bxe4 27. Bxe4 Qxf2+ 28. Kxf2 Nxg4+ 29. Ke2 Nxh6 30. Rxh6 Rbe8 31. Rgh1 Nf5 32. Rxh7+ Kg8 33. Rh8+ Kg7 34. R1h7+ Kf6 35. Nd7+ Kg5 1-0